Art et catholicisme /
Estudio sobre arte sacro, enfocado a la pintura, donde se analiza la influencia religiosa en la obra de El Greco y Picasso.
محفوظ في:
| المؤلف الرئيسي: | |
|---|---|
| التنسيق: | كتاب |
| اللغة: | الفرنسية |
| منشور في: |
Westmount, Canadá :
Editions de l'Arbre,
1941, c1941
|
| سلاسل: | (Problèmes Actuels ;
2) |
| الموضوعات: | |
| الوسوم: |
لا توجد وسوم, كن أول من يضع وسما على هذه التسجيلة!
|
MARC
| LEADER | 00000nam^a2200000^a^4500 | ||
|---|---|---|---|
| 001 | 000184703 | ||
| 005 | 20250526000000.0 | ||
| 009 | 20260310102126.638 | ||
| 037 | |a Acervo ITESO - Biblioteca | ||
| 041 | |a FRA | ||
| 082 | |a 759. 6 |b COU | ||
| 100 | |a Couturier, Marie-Alain |e (autor) | ||
| 245 | 1 | 0 | |a Art et catholicisme / |c M.A. Couturier ; pról. y tr. por Roque Esteban Scarpa. |
| 264 | 4 | |a Westmount, Canadá : |b Editions de l'Arbre, |c 1941, c1941 | |
| 300 | |a 92 p. ; |c 17.5 cm. | ||
| 336 | |a texto |b txt |2 rdacontenido | ||
| 337 | |a sin mediación |b n |2 rdamedio | ||
| 338 | |a volumen |b nc |2 rdasoporte | ||
| 440 | 1 | |a (Problèmes Actuels ; |v 2) | |
| 520 | |a Estudio sobre arte sacro, enfocado a la pintura, donde se analiza la influencia religiosa en la obra de El Greco y Picasso. | ||
| 649 | |a XX | ||
| 650 | |a Pintores Españoles | ||
| 650 | |a Artistas Españoles | ||
| 650 | |a Pintura Religiosa - |z España - |x Historia y Crítica - |x Tema Principal | ||
| 650 | |a Pintura Manierista - |z España - |x Historia y Crítica | ||
| 650 | |a Pintura Renacentista - |z España - |x Historia y Crítica | ||
| 650 | |a Pintura Moderna - |z España - |x Historia y Crítica | ||
| 650 | |a Pintura Española - |x Historia y Crítica | ||
| 650 | |a Arte Religioso - |z España - |x Historia y Crítica | ||
| 650 | |a Arte Manierista - |z España - |x Historia y Crítica | ||
| 650 | |a Arte Renacentista - |z España - |x Historia y Crítica | ||
| 650 | |a Arte Moderno - |z España - |x Historia y Crítica | ||
| 650 | |a Arte Español - |x Historia y Crítica | ||
| 650 | |a Catolicismo | ||
| 650 | |a Arte y Religión | ||
| 600 | |a El Greco | ||
| 600 | |a Picasso, Pablo | ||
| 910 | |a Fondo Julio de la Peña Lomelín | ||
| 920 | |a Impresos - Libros | ||
| 930 | |a Libros Antiguos y Raros | ||
| 940 | |a Arquitectos Jaliscienses | ||
| 905 | |a 108 | ||
| 901 | |a 0500125841 |b IT2 |c LRA |u 20250526 | ||
| 902 | |a https://opac.biblio.iteso.mx/vufind/Record/000184703 | ||